000 00762nam a22003130a 4500
001 PT5925
003 AR-LpoUNG
005 20210131232139.0
008 191001s1998||||ag |||||||||||||||||spa d
020 _a9508950447
_c$70,75
040 _aAR-LpoUNG
_bspa
_cAR-LpoUNG
_eaacr
041 _aspa
044 _aag
082 0 _a982.064 346ter
100 1 _aCastro, Jorge
245 1 3 _aLa tercera revolución
250 _a1ra ed.
260 _aBuenos Aires :
_bCatálogos,
_c1998.
300 _a225 p. :
_btbls.
650 4 _aARGENTINA
650 4 _aGLOBALIZACION
650 4 _aJEFES DE ESTADO
650 4 _aPARTIDOS POLITICOS
650 4 _aPOLITICA
650 4 _aPOLITICA ECONOMICA
650 4 _aPOLITICOS
905 _a5925
942 _cLSALA
999 _c13988
_d13988